The veterinary clinics of North America
Saved in:
| Main Author: | |
|---|---|
| Format: | Book |
| Language: | Undetermined |
| Published: |
Philadelphia
W. B. Saunders
1974
|
| Subjects: | |
| Tags: |
Add Tag
No Tags, Be the first to tag this record!
|
| Institutions: | Trung tâm Học liệu Trường Đại học Cần Thơ |
|---|
| LEADER | 00561nam a2200193Ia 4500 | ||
|---|---|---|---|
| 001 | CTU_126062 | ||
| 008 | 210402s9999 xx 000 0 und d | ||
| 082 | |a 636.089 | ||
| 082 | |b C443/Vol.4 | ||
| 100 | |a Chamberlain, Kenneth W. | ||
| 245 | 4 | |a The veterinary clinics of North America | |
| 245 | 0 | |c Kenneth W. Chamberlain | |
| 260 | |a Philadelphia | ||
| 260 | |b W. B. Saunders | ||
| 260 | |c 1974 | ||
| 650 | |a Veterinary medicine,Veterinary Medicine | ||
| 650 | |x Periodicals | ||
| 904 | |i Hiếu | ||
| 980 | |a Trung tâm Học liệu Trường Đại học Cần Thơ | ||